Properties of high pressure treated natural rubber latex (Record no. 65982)
[ view plain ]
| 000 -LEADER | |
|---|---|
| fixed length control field | 01405nam a2200181Ia 4500 |
| 100 ## - MAIN ENTRY--AUTHOR NAME | |
| Personal name | Kodama S |
| 245 #0 - TITLE STATEMENT | |
| Title | Properties of high pressure treated natural rubber latex |
| 260 ## - PUBLICATION, DISTRIBUTION, ETC. (IMPRINT) | |
| Name of publisher | Journal of Rubber Research |
| Year of publication | 1999 |
| 300 ## - PHYSICAL DESCRIPTION | |
| Number of Pages | 193-201 |
| 520 ## - SUMMARY, ETC. | |
| Summary, etc | Ammoniated natural rubber latices were found to be destabilised under high pressure at 1 GPa and -20 o C. However, the latices remained stable when the high-pressure treatment was carried out at room temperature or 50 o C. No significant changes were observed in the particle size distribution of the latices after the treatment. The rubbers coagulated from high-pressure treated latices generally showed a small increase in the gel content and narrower molecular weight distribution when compared to the control samples. High-pressure treatment led to a significant increase in the extractable protein content of the rubber films, indicating the occurrence of protein degradation during the treatment. However, the corresponding allergen content of the film was found to decrease drastically after the treatment, showing that the active site of the allergen could be destroyed by high-pressure treatment without sacrificing the properties of the rubber. |
| 650 ## - SUBJECT ADDED ENTRY--TOPICAL TERM | |
| Topical Term | NR latex |
| 650 ## - SUBJECT ADDED ENTRY--TOPICAL TERM | |
| Topical Term | Protein degradation |
| 700 ## - ADDED ENTRY--PERSONAL NAME | |
| Personal name | Eng A H |
| 700 ## - ADDED ENTRY--PERSONAL NAME | |
| Personal name | Hasma H |
| 700 ## - ADDED ENTRY--PERSONAL NAME | |
| Personal name | Kawasaki H |
| 942 ## - ADDED ENTRY ELEMENTS (KOHA) | |
| Koha item type | Journals |
| Withdrawn status | Lost status | Damaged status | Not for loan | Home library | Current library | Shelving location | Date acquired | Serial Enumeration / chronology | Koha item type |
|---|---|---|---|---|---|---|---|---|---|
| Journals | RRII Library | RRII Library | Rubber chemistry | 17/12/2021 | Volume 2, Issue 4 | Journals |